| 000 | 00577nam a2200181Ia 4500 | ||
|---|---|---|---|
| 008 | 100920s9999 xx 000 0 und d | ||
| 082 |
_b65543 _a24 थ 93 |
||
| 100 | _aसूर्यकांत. | ||
| 245 | _aकोल्हापुरी साज. | ||
| 260 |
_bपुरंदरे प्रकाशन, पुणे. _c1993 |
||
| 300 |
_a208 _bसाधी |
||
| 365 | _b80 | ||
| 520 | _aसायो. | ||
| 630 | _aकोल्हापुरी साज. | ||
| 650 | _aसायो. | ||
| 730 | _aकोल्हापुरी साज. | ||
| 942 | _cBOOK | ||
| 999 |
_c708295 _d708292 |
||